000 00712cam a22002413a 4500
001 34772
003 PGUSA
005 20140828083741.0
008 101228s2010||||xxu|||||s|||||000 | eng d
040 _aPGUSA
_beng
042 _adc
050 4 _aNK
100 1 _aSherrill, Charles Hitchcock,
_d1867-1936
245 1 0 _aStained Glass Tours in France
_h[electronic resource] /
_cCharles Hitchcock Sherrill
260 _bProject Gutenberg,
_c2010
506 _aPublic domain in the USA.
516 _aElectronic text
653 _aArchitecture -- France
653 _aFrance -- Description and travel
830 0 _aProject Gutenberg
_v34772
856 4 0 _uhttp://www.gutenberg.org/ebooks/34772
942 _cEB
999 _c264027
_d264027